KIYIDAKİ KALE (Record no. 691098)
[ view plain ]
| 000 -LEADER | |
|---|---|
| sabit uzunluktaki kontrol alanı | 00231nam a2200097Ia 4500 |
| 001 - KONTROL NUMARASI | |
| kontrol alanı | 691098 |
| 005 - EN SON İŞLEMİN TARİH VE ZAMANI | |
| kontrol alanı | 20250826161828.0 |
| 008 - SABİT-UZUNLUKTA VERİ ÖĞELERİ--GENEL BİLGİ | |
| sabit uzunluktaki kontrol alanı | 250824s9999 xx 000 0 und d |
| 245 #0 - ESER / YAZAR | |
| ESER ADI | KIYIDAKİ KALE |
| Yazar Adı | LUCY STRANGE |
| 260 ## - YAYIN, DAĞITIM, VB. | |
| YAYIN EVİ | HEP KİTAP |
| Düşüm durumu | Kayıp durumu | Hasar Durumu | Ödünç verilmez | Ana kütüphane | Geçerli Kütüphane | Edinilen tarih | Toplam ödünç verme sayısı | Barkod | Son görüntüleme tarihi | Son ödünç verme tarihi | Fiyatın geçerli olmaya başladığı tarih | Koha materyal türü | Sınıflandırma Kaynağı veya raf şeması | Tam yer numarası | İade tarihi |
|---|---|---|---|---|---|---|---|---|---|---|---|---|---|---|---|
| M. HALİL İBRAHİM HEKİMOĞLU MESLEKİ VE TEKNİK A. L. | M. HALİL İBRAHİM HEKİMOĞLU MESLEKİ VE TEKNİK A. L. | 24.08.2025 | 1 | 10172028 | 03.04.2026 | 25.02.2026 | 26.08.2025 | Books | |||||||
| MUSTAFA BÜYÜKKAPLAN HAFIZ İMAM HATİP ORTAOKULU (KIZ) | MUSTAFA BÜYÜKKAPLAN HAFIZ İMAM HATİP ORTAOKULU (KIZ) | 21.11.2025 | 3 | 10395665 | 21.04.2026 | 21.04.2026 | 21.11.2025 | Books | Dewey Ondalık Sınıflama | C4 | 06.05.2026 |